ბათუმის შოთა რუსთაველის სახელმწიფო უნივერსიტეტის ბიბლიოთეკა

წირები და ზედაპირები : დამხ.სახელმძღ. / (ბიბ.ჩანაწერი № 37607)

000 -ლიდერი
ფიქსირებული სიგრძის საკონტროლო ველი 00778nam a2200205Ia 4500
001 - საკონტროლო ნომერი
საკონტროლო ველი 3579
003 - საკონტროლო ნომრის იდენტიფიკატორი
საკონტროლო ველი GE_BSU
005 - ბოლო ოპერაციის თარიღი და დრო
საკონტროლო ველი 20190528151404.0
008 - ფიქსირებული სიგრძის მონაცემთა ელემენტები - ზოგადი ინფორმაცია
ფიქსირებული სიგრძის საკონტროლო ველი 181216s1983||||ge |||||||||||||| ||geo||
040 ## - კატალოგიზაციის წყარო
Transcribing agency GE_BSU
041 ## - ენის კოდი
Language code of text/sound track or separate title geo
080 ## - უნივერსალური ათობითი კლასიფიკაციის ინდექსი
Universal Decimal Classification number 515.5 წ-81
100 ## - მთავარი ჩანაწერი - პიროვნების სახელი
Personal name ხატისკაცი,ი.
9 (RLIN) 1717
245 ## - ცნობა სათაურის შესახებ
Title წირები და ზედაპირები : დამხ.სახელმძღ. /
Statement of responsibility, etc ი.ხატისკაცი ; რედ : მ. ძიძიგური.
264 ## - წარმოების, გამოცემის, დისტრიბუციის და სხვა ცნობები
გამოცემის, წარმოების, დისტრიბუციის... ადგილი თბილისი :
გამოცემის, წარმოების, დისტრიბუციის... სახელწოდება სპი,
გამოცემის, წარმოების, დისტრიბუციის... თარიღი 1983.
300 ## - ფიზიკური აღწერა
Extent 125 გვ .:
Dimensions 20 სმ.
653 ## - INDEX TERM--UNCONTROLLED
Uncontrolled term წირები და ზედაპირები
700 ## - ADDED ENTRY--PERSONAL NAME
Personal name ძიძიგური, მ
Relator term რედაქტორი
9 (RLIN) 472
942 ## - ADDED ENTRY ELEMENTS (KOHA)
Koha item type წიგნი
Source of classification or shelving scheme
ეგზემპლარები
ჩამოწერის სტატუსი დაკარგული ეგზემპლარის სტატუსი კლასიფიკაციის წყარო ან თაროზე გაწყობის სქემა დაზიანების სტატუსი არ გაიცემა მუდმივი მდებარეობა (დაცვის ადგილი) ამჟამინდელი ადგილსამყოფელი თაროზე განთავსების ადგილი შეძენის თარიღი ღირებულება, შესყიდვის ნორმალური ფასი სრული შენახვის შიფრი შტრიხკოდი ბოლო ოპერაციის თარიღი ეგზემპლარის მიმდევრობითი ნომერი (კეტერი?) ფასის ძალაში შესვლის თარიღი ეგზემპლარის სახეობა საჯარო შენიშვნა
          ტექნოლოგიური ფაკულტეტის ბიბლიოთეკა ტექნოლოგიური ფაკულტეტის ბიბლიოთეკა წიგნსაცავი 2018-12-17 0.40 515.5 ხ-30 9244 2018-12-17 9244 2018-12-17 წიგნი 0.40 თ.
          ტექნოლოგიური ფაკულტეტის ბიბლიოთეკა ტექნოლოგიური ფაკულტეტის ბიბლიოთეკა წიგნსაცავი 2018-12-17 0.40 515.5 ხ-30 9245 2018-12-17 9245 2018-12-17 წიგნი 0.40 თ.
          ტექნოლოგიური ფაკულტეტის ბიბლიოთეკა ტექნოლოგიური ფაკულტეტის ბიბლიოთეკა წიგნსაცავი 2018-12-17 0.40 515.5 წ-81 9246 2018-12-17 9246 2018-12-17 წიგნი 0.40 თ.